000 00567nam a22001697a 4500
999 _c172484
_d172484
005 20200206104525.0
010 _aENG-127655
020 _a9789353433901
_c850.00
035 _aEN-111187
037 _bDBAD/PUB
082 _a621.3
245 _aGATE Electronics and Communication Engineering 2020 :
_bGraduate Aptitude Test in Engineering /
260 _aNoida
_bPearson
_c2019
270 _bNoida
_a15th floor,Tower-B,World Trade Tower,plot no.1,Block-c,sector 16
_e201301
300 _avarious pages
_b25cm(pbk)
942 _2ddc
_cEN
_h621.3
_mELE